000 00426cam a2200181 4500
001 D11907
008 090401t1932 xxu||||| |||| 00| 0 eng d
035 _a(Sirsi) u223
041 _aeng
100 _aAdkin, B. W.
245 2 _aA handbook of law relating to landlord and tenant
250 _a8th
260 _aLondon
_bEstates Gazette
_c1932
350 _a0
520 _aShelf 303
942 _n0
948 _c04/03/1997
999 _c85490
_d85490